000 00931nam a2200229Ia 4500
001 9658
003 GE_BSU
008 181216s||||||||xx |||||||||||||| ||und||
040 _cGE_BSU
080 _a821.353.1–1+821.353.1-11
100 _aმირცხულავა,ალიო
245 _aთხზულებანი ხუთ ტომად.ტ.1
245 _bლექსები
245 _cტომი გამოსაც. მოამზადა ლამარა გვარამაძემ. სარედ.კოლ.გურამ გვერდწითელი დავით თევზაძე და სხვა.
260 _aთბილისი
260 _bმერანი
260 _c1976
300 _a470გვ.1ფ.პორტრ.20სმ.
653 _aთხზულებანი ხუთ ტომად
653 _aლექსები
942 _cBK
999 _c42942
_d42942